000 00477nam a2200169Ia 4500
003 IN-BaIIA
008 211028s9999 xx 000 0 eng d
020 _a0-387-95436-8
040 _cIIA Library
080 _a524.3
_bKAL
100 _aKaler, James B.
_916275
245 4 _aThe hundred greatest stars
_cKaler, James B
260 _aNew York
_bCopernicus Books
_c2002
300 _axxvii, 213p.
650 _aStars
942 _cBK
999 _c15142
_d15142